Normas de Auditora̕, para Atestiguar, Revisin̤ y Otros Servicios Relacionados (2020)

Detalles Bibliográficos
Autor principal: Garca̕ Nares, Azucena
Formato: eBook
Lenguaje:español
Publicado: Ciudad de Mx̌ico: Instituto Mexicano de Contadores Pb︢licos, 2020
Materias:
Acceso en línea:Acceso restringido

MARC

LEADER 00000nam a22000007a 4500
005 20200304205715.0
007 cr|||| |||
008 200304s2020 mx |||||s|||| 00||0 spa d
020 |a 978-607-563-012-0 
035 |a 31166 
040 |a vLex 
090 |c 10172  |d 10172 
100 1 |a Garca̕ Nares, Azucena 
245 1 0 |a Normas de Auditora̕, para Atestiguar, Revisin̤ y Otros Servicios Relacionados (2020)  |h [Recurso electrn̤ico] /  |c Azucena Garca̕ Nares 
256 |a Servicio en ln̕ea 
260 |a Ciudad de Mx̌ico:  |b Instituto Mexicano de Contadores Pb︢licos,  |c 2020 
300 |a 1 recurso electrn̤ico 
500 |a Esta obra, ‘Normas de auditora̕, para atestiguar, revisin̤ y otros servicios relacionados 2020’, publicada por el Instituto Mexicano de Contadores Pb︢licos, A.C. (IMCP), incluye la traduccin̤ autorizada al espaǫl del Volumen I del Manual de Pronunciamientos Internacionales de Control de Calidad, Auditora̕, Revisin̤, Otros Encargos de Aseguramiento, y Servicios Relacionados, Edicin̤ 2016-2017, y las actualizaciones subsecuentes, del Consejo de Normas Internacionales de Auditora̕ y Aseguramiento (IAASB, por sus siglas en inglš), publicado originalmente en Inglš por la Federacin̤ Internacional de Contadores (IFAC, por sus siglas en inglš) en diciembre de 2016, el cual ha sido traducido al Espaǫl en 2019 por el Instituto Mexicano de Contadores Pb︢licos, A.C. (IMCP), y se reproduce con el permiso de la IFAC. El proceso de traduccin̤ del Manual de Pronunciamientos Internacionales de Control de Calidad, Auditora̕, Revisin̤, Otros Encargos de Aseguramiento, y Servicios Relacionados, Edicin̤ 2016-2017, fue considerado por la IFAC y la traduccin̤ se realiz ̤de conformidad con la “Declaracin̤ de Polt̕ica —Polt̕icas de Traduccin̤ y Reproduccin̤ de Normas emitidas por la IFAC”. El texto aprobado del Manual de Pronunciamientos Internacionales de Control de Calidad, Auditora̕, Revisin̤, Otros Encargos de Aseguramiento, y Servicios Relacionados, Edicin̤ 2016-2017 y las actualizaciones subsecuentes es el publicado por la IFAC en lengua inglesa. La IFAC no asume ninguna responsabilidad por la exactitud e integridad de la traduccin̤ o por las acciones que puedan surgir como resultado de ello. 
506 1 |a Disponible solo en los productos indicados  |d vLex Global  |d vLex Global (Academic Edition, excluding Law Schools)  |d vLex Global (U.S. Academic Edition, Law Schools)  |d vLex Global (U.S. Academic Edition, excluding Law Schools)  |d vLex Global (Academic Edition, Law Schools) 
650 0 4 |a Paquetes Especiales  |z Mx̌ico 
740 0 |a vLex Libros (Servicio en ln̕ea) 
856 4 0 |u http://vlex.com/source/normas-de-auditoria-para-atestiguar-revision-y-otros-servicios-relacionados-2020--31166  |z Acceso restringido 
942 |c BOOK 
999 0 |a Special Packages